World revolutionary elites: studies in coercive ideological movements

Na minha lista:
Detalhes bibliográficos
Principais autores: Lasswell, Harold Dwight (Autor), Lerner, Daniel (Autor)
Formato: Livro
Idioma:inglês
Publicado em: Cambridge M.I.T 1965
Assuntos:
Tags: Adicionar Tag
Sem tags, seja o primeiro a adicionar uma tag!

MARC

LEADER 00000nam a2200000 a 4500
001 UCO7587
003 CL-VaPUC
008 001117e19650000US |||||||||||||||||eng|d
082 0 4 |a 320.53  |b LAS  |2 21 
100 |a Lasswell, Harold Dwight  |e author  |9 412519 
700 |a Lerner, Daniel  |e author  |9 452132 
245 1 0 |a World revolutionary elites: studies in coercive ideological movements 
300 |a 478 p 
942 |c BK 
945 |d 20001117 00:00:00  |a crobeson 
260 |a Cambridge  |b M.I.T  |c 1965 
500 |a Donación del profesor Manfred Wilhelmy von Wolff 
650 0 |a Fascismo  |9 255687 
650 0 |a Comunismo  |9 255588 
650 0 |a Ideologías políticas   |9 255735 
650 7 |a ELITES  |2 CL-VaPUC  |9 452133 
650 0 |a Nazismo   |9 347078 
583 |a last modification  |c 20001117 00:00:00  |k Rodrigo Vera 
999 |c 292477  |d 292475 
952 |0 0  |1 0  |4 0  |6 320_530000000000000_LAS_1965  |7 0  |8 A  |9 343392  |a BIBHIS  |b BIBHIS  |d 2019-11-20  |i 122865K  |o 320.53 LAS 1965  |p 122865K  |r 2025-01-20  |w 2019-11-20  |y BK  |k HIS